L'Esglèsia barroca de Picamoixons : (Record n. 36963)

Dettagli MARC
000 -LEADER
fixed length control field 00905nam a2200253 i 4500
003 - CONTROL NUMBER IDENTIFIER
control field IT-RoINE
005 - DATE AND TIME OF LATEST TRANSACTION
control field 20220912132130.0
008 - FIXED-LENGTH DATA ELEMENTS--GENERAL INFORMATION
fixed length control field 210207s2021 sp a r 000 | cat d
020 ## - INTERNATIONAL STANDARD BOOK NUMBER
International Standard Book Number 9788486083892
040 ## - CATALOGING SOURCE
Original cataloging agency ES-MaCSI
Language of cataloging spa
Transcribing agency IT-RoINE
Modifying agency IT-RoINE
100 1# - MAIN ENTRY--PERSONAL NAME
Personal name Serra Masdeu, Anna Isabel,
Dates associated with a name 1969-
9 (RLIN) 71472
245 12 - TITLE STATEMENT
Title L'Esglèsia barroca de Picamoixons :
Remainder of title patrimoni de la memòria documental /
Statement of responsibility, etc Anna Isabel Serra Masdeu.
260 ## - PUBLICATION, DISTRIBUTION, ETC. (IMPRINT)
Place of publication, distribution, etc Valls :
Name of publisher, distributor, etc Institut d'Estudis Vallencs,
Date of publication, distribution, etc 2021.
300 ## - PHYSICAL DESCRIPTION
Extent 156 p. :
Other physical details il. ;
Dimensions 24 cm.
336 ## - CONTENT TYPE
Source rdacontent
Content type term text
337 ## - MEDIA TYPE
Source rdamedia
Media type term unmediated
338 ## - CARRIER TYPE
Source rdacarrier
Carrier type term volume
490 1# - SERIES STATEMENT
Series statement Estudis vallencs;
Volume number/sequential designation 51
504 ## - BIBLIOGRAPHY, ETC. NOTE
Bibliography, etc Bibliografia: p. 71-76.
650 #4 - SUBJECT ADDED ENTRY--TOPICAL TERM
Topical term or geographic name as entry element Iglesias
Geographic subdivision España
-- Picamoixons
General subdivision Historia
-- Fuentes
9 (RLIN) 71473
650 #4 - SUBJECT ADDED ENTRY--TOPICAL TERM
Topical term or geographic name as entry element Arquitectura religiosa
Geographic subdivision España
-- Picamoixons
9 (RLIN) 71474
830 ## - SERIES ADDED ENTRY--UNIFORM TITLE
Uniform title Estudis vallencs
Volume number/sequential designation 51
9 (RLIN) 71476
942 ## - ADDED ENTRY ELEMENTS (KOHA)
Item type Monografías
Dati di copia
Withdrawn status Lost status Damaged status Not for loan Home library Current library Date acquired Total Checkouts Full call number Barcode Date last seen Price effective from Koha item type
        Iglesia Nacional Española en Roma Iglesia Nacional Española en Roma 12/09/2022   ART.ARQ 1640 64700 12/09/2022 12/09/2022 Monografías